[Event "Uni De Paula Santander op 4th"]
[Site "Ocana"]
[Date "2019.08.23"]
[Round "2"]
[White "Sanchez Alvarez, Kelvin Antonio"]
[Black "Rodriguez Mogollon, Teresa"]
[Result "1-0"]
[WhiteElo "2224"]
[BlackElo "1476"]
[PlyCount "45"]
[EventDate "2019.08.23"]
[EventType "swiss"]
[EventRounds "7"]
[EventCountry "COL"]
[SourceTitle "EXT 2020"]
[Source "ChessBase"]
[SourceDate "2019.10.17"]
[SourceVersion "1"]
[SourceVersionDate "2019.10.17"]
[SourceQuality "1"]

1. e4 c5 2. Nf3 Nc6 3. d4 cxd4 4. Nxd4 g6 5. c4 Bg7 6. Be3 Nf6 7. Nc3 0-0 8. Nc2 a6 9. Be2 e6 10. 0-0 d6 11. Qd2 e5 12. Rad1 Ne8 13. c5 d5 14. exd5 Na5 15. b4 e4 16. Nxe4 Bf5 17. Ng3 Bxc2 18. Qxc2 Nf6 19. bxa5 Qxa5 20. Qb3 Nd7 21. c6 bxc6 22. dxc6 Nc5 23. Qd5 1-0

[Event "Titled Tuesday intern op 2nd July"]
[Site "Chess.com INT"]
[Date "2019.07.02"]
[Round "10"]
[White "Sanchez Alvarez, Kelvin Antonio"]
[Black "Kujawski, Adam"]
[Result "0-1"]
[WhiteElo "2224"]
[BlackElo "2213"]
[PlyCount "60"]
[EventDate "2019.07.02"]
[EventType "swiss (blitz)"]
[EventRounds "10"]
[EventCountry "USA"]
[SourceTitle "EXT 2021"]
[Source "ChessBase"]
[SourceDate "2020.10.23"]
[SourceVersion "1"]
[SourceVersionDate "2020.10.23"]
[SourceQuality "1"]

1. d4 d5 2. c4 e6 3. Nf3 Nf6 4. Nc3 Be7 5. Bg5 0-0 6. e3 Nbd7 7. Qc2 b6 8. cxd5 exd5 9. Bd3 c5 10. 0-0-0 c4 11. Bf5 b5 12. Nxb5 Rb8 13. Nc3 Qa5 14. Qa4 Qc7 15. Bf4 Bd6 16. Nb5 Rxb5 17. Qxb5 Bxf4 18. g4 Bd6 19. h4 Nb6 20. Bxc8 Rxc8 21. Rdg1 c3 22. b3 c2 23. Qa5 Qe7 24. Kb2 Bb4 25. Qa6 Bc3+ 26. Kc1 Ne4 27. Rg2 Qb4 28. Kxc2 Bxd4+ 29. Kd1 Qc3 30. Re1 Qc2# 0-1

[Event "Titled Tuesday intern op 2nd July"]
[Site "Chess.com INT"]
[Date "2019.07.02"]
[Round "9"]
[White "Weetik, Vjacheslav"]
[Black "Sanchez Alvarez, Kelvin Antonio"]
[Result "1-0"]
[WhiteElo "2423"]
[BlackElo "2224"]
[PlyCount "155"]
[EventDate "2019.07.02"]
[EventType "swiss (blitz)"]
[EventRounds "10"]
[EventCountry "USA"]
[SourceTitle "EXT 2021"]
[Source "ChessBase"]
[SourceDate "2020.10.23"]
[SourceVersion "1"]
[SourceVersionDate "2020.10.23"]
[SourceQuality "1"]

1. d4 Nf6 2. c4 e6 3. Nf3 c5 4. d5 exd5 5. cxd5 g6 6. Nc3 Bg7 7. e4 d6 8. h3 0-0 9. Bd3 b5 10. Bxb5 Nxe4 11. Nxe4 Qa5+ 12. Nfd2 Qxb5 13. Nxd6 Qa6 14. N2c4 Nd7 15. 0-0 Nb6 16. Nxb6 axb6 17. Bg5 f6 18. Bf4 b5 19. Nxc8 Raxc8 20. d6 Qc6 21. a4 b4 22. Qb3+ Kh8 23. Qc4 f5 24. Rad1 Rcd8 25. b3 Qe4 26. Qxe4 fxe4 27. Be3 Rf5 28. g4 Re5 29. Rd2 Bf8 30. Rfd1 g5 31. a5 Kg7 32. a6 Kf6 33. a7 Ke6 34. d7 Be7 35. Ra2 Ra8 36. Ra6+ Kf7 37. Kg2 Re6 38. Rxe6 Kxe6 39. Bxc5 Bd8 40. Kf1 Ke5 41. Ke2 Bc7 42. Be7 Rxa7 43. Bxg5 Ra2+ 44. Rd2 Ra3 45. d8Q Bxd8 46. Bxd8 Rxb3 47. Bc7+ Ke6 48. Rd6+ Ke7 49. Rd4 Rxh3 50. Rxb4 Kd7 51. Bg3 h5 52. gxh5 Rxh5 53. Rxe4 Kc6 54. Ke3 Kd5 55. f3 Rh1 56. Rd4+ Ke6 57. Bf4 Re1+ 58. Kf2 Ra1 59. Be3 Kf5 60. Rf4+ Ke5 61. Kg3 Ra3 62. Bd4+ Ke6 63. Re4+ Kf5 64. Re5+ Kg6 65. Kg4 Ra4 66. Re4 Ra2 67. Re6+ Kf7 68. Rf6+ Ke7 69. f4 Rg2+ 70. Kf5 Rd2 71. Be5 Rg2 72. Rh6 Kf7 73. Rh7+ Kg8 74. Rg7+ Rxg7 75. Bxg7 Kxg7 76. Ke6 Kf8 77. Kf6 Ke8 78. Kg7 1-0

[Event "Titled Tuesday intern op 4th June"]
[Site "Chess.com INT"]
[Date "2019.06.04"]
[Round "2"]
[White "Perez Ponsa, Federico"]
[Black "Sanchez Alvarez, Kelvin Antonio"]
[Result "1-0"]
[WhiteElo "2560"]
[BlackElo "2224"]
[PlyCount "59"]
[EventDate "2019.06.04"]
[EventType "swiss (blitz)"]
[EventRounds "10"]
[EventCountry "USA"]
[SourceTitle "EXT 2021"]
[Source "ChessBase"]
[SourceDate "2020.10.23"]
[SourceVersion "1"]
[SourceVersionDate "2020.10.23"]
[SourceQuality "1"]

1. d4 c5 2. d5 Nf6 3. Nc3 g6 4. e4 d6 5. Nf3 Bg7 6. Bb5+ Nfd7 7. 0-0 0-0 8. a4 Na6 9. Re1 Nc7 10. Bf1 Ne5 11. Nxe5 Bxe5 12. Bh6 Re8 13. Qd2 a6 14. a5 Bd7 15. Na4 Bxa4 16. Rxa4 Qd7 17. Ra2 Rab8 18. c3 e6 19. dxe6 Rxe6 20. Bc4 Ree8 21. Raa1 b5 22. axb6 Rxb6 23. Rad1 Reb8 24. b3 Nb5 25. Re3 Na3 26. Bd5 Bg7 27. Rf3 Rf8 28. Bxg7 Kxg7 29. c4 Kg8 30. Qb2 1-0